Interstellar ionized hydrogen (Record no. 4079)
[ view plain ]
| 000 -LEADER | |
|---|---|
| fixed length control field | 00783nam a2200205Ia 4500 |
| 003 - CONTROL NUMBER IDENTIFIER | |
| control field | IN-BaIIA |
| 008 - FIXED-LENGTH DATA ELEMENTS--GENERAL INFORMATION | |
| fixed length control field | 211028s9999 xx 000 0 eng d |
| 040 ## - CATALOGING SOURCE | |
| Transcribing agency | IIA Library |
| 080 ## - UNIVERSAL DECIMAL CLASSIFICATION NUMBER | |
| Universal Decimal Classification number | 524.5(082.2) |
| Item number | INT |
| 111 ## - MAIN ENTRY--MEETING NAME | |
| Meeting name or jurisdiction name as entry element | symposium on HII Regions |
| Location of meeting | Charlottesville, Varginia |
| Date of meeting or treaty signing | 1967 Dec. 8-11 |
| 9 (RLIN) | 7201 |
| 245 #0 - TITLE STATEMENT | |
| Title | Interstellar ionized hydrogen |
| Remainder of title | proceedings of a symposium on HII regions, held in Charlottesville, Varginia, December 8-11, 1967 |
| Statement of responsibility, etc. | edited by Yervant Terzian |
| 260 ## - PUBLICATION, DISTRIBUTION, ETC. | |
| Place of publication, distribution, etc. | New York |
| Name of publisher, distributor, etc. | W. A. Benjamin |
| Date of publication, distribution, etc. | 1968 |
| 300 ## - PHYSICAL DESCRIPTION | |
| Extent | ix, 774p. |
| 650 ## - SUBJECT ADDED ENTRY--TOPICAL TERM | |
| Topical term or geographic name entry element | Astronomy and astrophysics thesaurus |
| 650 ## - SUBJECT ADDED ENTRY--TOPICAL TERM | |
| Topical term or geographic name entry element | HII regions |
| 9 (RLIN) | 7202 |
| 650 ## - SUBJECT ADDED ENTRY--TOPICAL TERM | |
| Topical term or geographic name entry element | Interstellar matter |
| 9 (RLIN) | 1189 |
| 700 ## - ADDED ENTRY--PERSONAL NAME | |
| Personal name | Terzian, Yervant., ed. |
| 9 (RLIN) | 7203 |
| 710 ## - ADDED ENTRY--CORPORATE NAME | |
| Corporate name or jurisdiction name as entry element | National Radio Astronomy Observatory (U.S.) |
| 9 (RLIN) | 7204 |
| 942 ## - ADDED ENTRY ELEMENTS (KOHA) | |
| Koha item type | Books |
| Withdrawn status | Lost status | Damaged status | Not for loan | Home library | Current library | Shelving location | Date acquired | Cost, normal purchase price | Total Checkouts | Full call number | Barcode | Date last seen | Cost, replacement price | Price effective from | Koha item type | Purchase Price |
|---|---|---|---|---|---|---|---|---|---|---|---|---|---|---|---|---|
| IIA Library-Bangalore | IIA Library-Bangalore | General Stacks | 27/12/1972 | 149.75 | 524.5(082.2)/ INT | 4551 | 05/11/2021 | 149.75 | 27/12/1972 | Books | Rs. 149.75 |